Análisis temático de "El ruedo ibérico" / (Record no. 70451)

MARC details
000 -LEADER
campo de control de longitud fija 00810nam a2200217 i 4500
001 - NÚMERO DE CONTROL
campo de control 70451
003 - IDENTIFICADOR DE NÚMERO DE CONTROL
campo de control ES-MaACL
005 - FECHA Y HORA DE LA ÚLTIMA TRANSACCIÓN
campo de control 20230906170824.0
007 - CAMPO FIJO DE DESCRIPCIÓN FÍSICA--INFORMACIÓN GENERAL
campo de control de longitud fija t|
008 - DATOS DE LONGITUD FIJA--INFORMACIÓN GENERAL
campo de control de longitud fija 040726s1972 sp ||||1| spa d
080 ## - NÚMERO DE LA CLASIFICACIÓN DECIMAL UNIVERSAL
Número de la Clasificación Decimal Universal 860 Valle Inclán, Ramón del 7 Ruedo Ib.06
100 1# - ENTRADA PRINCIPAL--NOMBRE DE PERSONA
Nombre de persona García de la Torre, José Manuel.
9 (RLIN) 54454
245 10 - MENCIÓN DEL TÍTULO
Título Análisis temático de "El ruedo ibérico" /
Mención de responsabilidad, etc. José Manuel García de la Torre.
260 ## - PUBLICACIÓN, DISTRIBUCIÓN, ETC.
Lugar de publicación, distribución, etc. Madrid :
Nombre del editor, distribuidor, etc. Gredos,
Fecha de publicación, distribución, etc. 1972.
300 ## - DESCRIPCIÓN FÍSICA
Extensión 361 p. ;
Dimensiones 20 cm.
490 1# - MENCIÓN DE SERIE
Mención de serie Biblioteca románica hispánica ;
Designación de volumen o secuencia II. Estudios y ensayos ;
-- 174
600 14 - PUNTO DE ACCESO ADICIONAL DE MATERIA--NOMBRE DE PERSONA
Nombre de persona Valle-Inclán, Ramón del,
Fechas asociadas al nombre 1866-1936.
Título de la obra El ruedo ibérico
9 (RLIN) 171702
830 1# - PUNTO DE ACCESO ADICIONAL DE SERIE-TÍTULO UNIFORME
Título uniforme Biblioteca románica hispánica ;
Designación de volumen o secuencia II. Estudios y ensayos ;
-- 174
9 (RLIN) 180746
852 ## - LOCALIZACIÓN
Ubicación ES-MaACL
Número de control de estantería C-49481
Holdings
Estatus retirado Estado de pérdida Estado de daño No para préstamo Biblioteca de origen Biblioteca actual Ubicación en estantería Fecha de adquisición Fuente de adquisición Total de préstamos Signatura topográfica completa Código de barras Visto por última vez Precio de reemplazo Tipo de ítem Koha
        Biblioteca del Ateneo de Madrid Biblioteca del Ateneo de Madrid Depósito 2 17/01/2008     C-49481 1073772 23/02/2023 23/02/2023 Libro impreso